Missing Word: Thanksgiving Words in Movie Titles Quiz Stats

 Plays Quiz Updated Nov 27, 2014

Challenge
Share
Tweet
Embed
Score 0/15 Timer 02:00
0 Plays Today
Movie T-giving Word % Correct
The Addams ___Family
95.7%
___ Pray LoveEat
90.4%
The ___ MontyFull
87.4%
American ___Pie
84.5%
Coming to ___America
82.4%
Legends of the ___Fall
79.6%
Roman ___Holiday
78.4%
Scott ___ vs. the WorldPilgrim
74.6%
Movie T-giving Word % Correct
___ for SchmucksDinner
71%
Fly Away ___Home
63.4%
Cold ___Turkey
61.4%
Easter ___Parade
45.3%
___ of GrassLeaves
39.4%
Sweet ___November
22.3%
The Ice ___Harvest
7.7%

Today's Daily Dose

Word Ladder
Bruno Mars Song

Get the Picture
Japanese Cars

You're not logged in!

Compare scores with friends on all Sporcle quizzes.
OR
Log In

You Might Also Like...

Show Comments

Extras

Top Quizzes Today


Score Distribution

Your Account Isn't Verified!

In order to create a playlist on Sporcle, you need to verify the email address you used during registration. Go to your Sporcle Settings to finish the process.

Report this User

Report this user for behavior that violates our Community Guidelines.

Details: